Language Quiz

Random Language Quiz

Prefixes and suffixes Quiz Stats

 Plays Quiz not verified by Sporcle

Support Sporcle.
Go Orange.
Score 0/50 Timer 10:00
0 Plays Today
Hint Answer % Correct
gastr-stomach
94.1%
derm-skin
88.2%
arter-artery
76.5%
carcin-cancer
76.5%
cyanblue
76.5%
-al, -eal, -iac, -ic, -ical, -iorlike
70.6%
neur-nerves
70.6%
cyt-cell
70.6%
leuk-white
70.6%
melan-black
70.6%
erythr-red
70.6%
brady-slow
64.7%
-ectomysurgical removal
64.7%
crani-pertaining to skull
64.7%
cardi-pertaining to heart
64.7%
a-, an-without
58.8%
aden-gland
58.8%
-gramrecord
58.8%
-itisinflammation
58.8%
-emiablood
58.8%
hyper-excessive
58.8%
hypo-decreased
58.8%
ab-from
52.9%
acr-extremities
52.9%
-algiapain
52.9%
Hint Answer % Correct
-pathydiesease
52.9%
osteo-bone
52.9%
cephal-pertaining to head
47.1%
-tomycut into
47.1%
-centesissurgical puncture
47.1%
-interbetween
47.1%
ad-toward
41.2%
dys-difficult
41.2%
cyst-bladder
41.2%
-esthesiasensation
41.2%
-phagiato consume
35.3%
trans-over
35.3%
-ologystudy of
35.3%
hemi-half
29.4%
hepat-liver
29.4%
-malaciasoftening of tissue
29.4%
periaround
23.5%
sub-less
23.5%
peri-around
23.5%
-scler-hardening
23.5%
-omatumor
17.6%
-megalylarge
17.6%
-osisstate
17.6%
-plegiaparalysis
11.8%
-iasiscondition of
11.8%

You're not logged in!

Compare scores with friends on all Sporcle quizzes.
OR
Log In

From the Vault

Twelvesomes

by triviahappy

You know what they say, good things come in twelves.
Remove Ads.
Support Sporcle.
Get the best of Sporcle when you Go Orange. This ad-free experience offers more features, more stats, and more fun while also helping to support Sporcle. Thank you for becoming a member.

Show Comments

Extras

Created Oct 16, 2013ReportNominate
Tags:Prefix

Top Quizzes Today


Score Distribution

Your Account Isn't Verified!

In order to create a playlist on Sporcle, you need to verify the email address you used during registration. Go to your Sporcle Settings to finish the process.

Report this User

Report this user for behavior that violates our Community Guidelines.

Details: